[Event "CHN-ch"]
[Site "Xinghua"]
[Date "2025.07.01"]
[Round "9"]
[White "Jin, Hongtao"]
[Black "Zhang, Edmond Meng"]
[Result "1-0"]
[WhiteElo "2305"]
[BlackElo "1809"]
[PlyCount "140"]
[EventDate "2025.06.23"]
[EventType "swiss"]
[EventRounds "11"]
[EventCountry "CHN"]
[SourceTitle "CB28_2025"]
[SourceDate "2025.07.09"]
[SourceVersion "1"]
[SourceVersionDate "2025.07.09"]
[SourceQuality "1"]

1. e4 e5 2. Bc4 Nf6 3. d3 c6 4. Nf3 d5 5. Bb3 Bb4+ 6. Bd2 Bxd2+ 7. Nbxd2 Bg4 8. h3 Bxf3 9. Qxf3 0-0 10. g4 d4 11. a3 Na6 12. g5 Nd7 13. Rg1 Nac5 14. Ba2 Ne6 15. h4 Nf4 16. 0-0-0 Nc5 17. Kb1 Nce6 18. Qg4 g6 19. h5 Ng7 20. hxg6 hxg6 21. Nf3 Qd6 22. Nh4 Rfd8 23. Ng2 Nxg2 24. Rxg2 Nh5 25. Rh1 Kg7 26. Rgh2 Rh8 27. Bb3 a5 28. f4 exf4 29. e5 Qxe5 30. Re2 Qf5 31. Re7 Raf8 32. Qg1 c5 33. Rxb7 f3 34. Qf2 Ng3 35. Re1 Ne2 36. Rb6 Rh3 37. Rf6 Qe5 38. Qf1 Rg3 39. Qh1 Qxg5 40. Rxf3 Rg1 41. Rxg1 Qxg1+ 42. Qxg1 Nxg1 43. Rf4 f5 44. Bd5 g5 45. Rf1 Nh3 46. Kc1 g4 47. Kd2 Kg6 48. c3 Kg5 49. cxd4 cxd4 50. b4 axb4 51. axb4 f4 52. b5 Rb8 53. Rb1 Rb6 54. Bc6 f3 55. Ke1 Ng1 56. Ra1 Ne2 57. Ra6 Rb8 58. Ra8 Rb6 59. Ra6 Rb8 60. Ra8 Rxa8 61. Bxa8 Kf4 62. Kd2 g3 63. b6 g2 64. b7 g1Q 65. b8Q+ Kf5 66. Be4+ Kg5 67. Qe5+ Kh4 68. Bxf3 Nc3 69. Qh5+ Kg3 70. Qg4+ Kf2 1-0

[Event "Eastern Asia-ch U14 7th"]
[Site "Hainan"]
[Date "2023.08.09"]
[Round "8"]
[White "Zhang, Edmond Meng"]
[Black "Yee, Hao Loong"]
[Result "1-0"]
[WhiteElo "1344"]
[BlackElo "1544"]
[PlyCount "149"]
[EventDate "2023.08.04"]
[EventType "swiss"]
[EventRounds "9"]
[EventCountry "CHN"]
[SourceTitle "EXT 2024"]
[Source "ChessBase"]
[SourceDate "2023.10.10"]
[SourceVersion "1"]
[SourceVersionDate "2023.10.10"]
[SourceQuality "1"]

1. d4 Nf6 2. c4 g6 3. g3 c6 4. Bg2 d5 5. cxd5 cxd5 6. Nc3 Bg7 7. Nf3 0-0 8. 0-0 Ne4 9. Ne5 Nxc3 10. bxc3 Nc6 11. Nxc6 bxc6 12. e4 e6 13. Ba3 Re8 14. e5 Bf8 15. Bxf8 Rxf8 16. Qa4 Qb6 17. Rfb1 Qa6 18. Qxa6 Bxa6 19. Bf1 Bxf1 20. Kxf1 Rfc8 21. c4 dxc4 22. Rc1 c5 23. Rxc4 cxd4 24. Rxd4 Rc2 25. Rb1 Rxa2 26. Rb7 a5 27. Rdd7 Rf8 28. Ra7 Kg7 29. Re7 Kg8 30. Rec7 h5 31. h4 a4 32. Rc4 Rd8 33. Rcxa4 Rd1+ 34. Kg2 Re2 35. Rf4 Rxe5 36. Rfxf7 Rf5 37. Rg7+ Kh8 38. Rge7 Kg8 39. Re8+ Rf8 40. Rxe6 Rd2 41. Rxg6+ Kh8 42. Rh6+ Kg8 43. Rxh5 Rfxf2+ 44. Kh3 Rh2+ 45. Kg4 Rd4+ 46. Kf3 Rd3+ 47. Kf4 Rf2+ 48. Kg4 Rd4+ 49. Kh3 Rdd2 50. Rg5+ Kf8 51. Rb5 Rh2+ 52. Kg4 Rd4+ 53. Kh5 Rd8 54. g4 Rhd2 55. Rf5+ Kg8 56. Rg5+ Kf8 57. Rag7 R8d5 58. Rxd5 Rxd5+ 59. Rg5 Rd6 60. Rg6 Rd4 61. Kh6 Kf7 62. h5 Rd8 63. Rg7+ Kf6 64. g5+ Kf5 65. Rf7+ Kg4 66. g6 Rd5 67. g7 Rxh5+ 68. Kg6 Rg5+ 69. Kh7 Rh5+ 70. Kg8 Ra5 71. Rd7 Kh5 72. Kh7 Ra6 73. Rd5+ Kh4 74. g8Q Ra7+ 75. Kh8 1-0

[Event "CHN-ch sf"]
[Site "Hefei"]
[Date "2023.04.26"]
[Round "7"]
[White "Liang, Yewang"]
[Black "Zhang, Edmond Meng"]
[Result "1/2-1/2"]
[WhiteElo "1691"]
[BlackElo "1229"]
[PlyCount "117"]
[EventDate "2023.04.23"]
[EventType "swiss"]
[EventRounds "11"]
[EventCountry "CHN"]
[SourceTitle "CBM 214 Extra"]
[Source "ChessBase"]
[SourceDate "2023.07.31"]
[SourceVersion "1"]
[SourceVersionDate "2023.07.31"]
[SourceQuality "1"]

1. e4 c5 2. Nf3 d6 3. Bb5+ Nd7 4. 0-0 Ngf6 5. Re1 g6 6. c3 a6 7. Bf1 Bg7 8. a4 Ne5 9. Nxe5 dxe5 10. d3 Qc7 11. Na3 Be6 12. b4 cxb4 13. cxb4 0-0 14. Bb2 Rad8 15. Rc1 Qb6 16. Bc3 Ng4 17. Qe2 Bh6 18. a5 Qa7 19. Rc2 Qb8 20. h3 Nf6 21. Nc4 Nd7 22. Ra1 Rc8 23. Qd1 f6 24. Be1 Rfd8 25. Qb1 Rc6 26. Rb2 Qc7 27. Bd2 Bxd2 28. Nxd2 Rc8 29. b5 Rc1 30. Qxc1 Qxc1 31. Rxc1 Rxc1 32. f3 Ra1 33. Nc4 Nc5 34. Kf2 Bxc4 35. dxc4 Rxa5 36. Rd2 axb5 37. cxb5 Ra8 38. Rc2 b6 39. Bc4+ Kf8 40. Rd2 Rb8 41. Ke3 h5 42. h4 e6 43. Ra2 f5 44. Ra7 f4+ 45. Ke2 Rb7 46. Ra8+ Kf7 47. Rc8 Rd7 48. Ke1 Rd4 49. Be2 Rd6 50. Bc4 Rd4 51. Be2 Rd7 52. Rc6 Rb7 53. Bc4 Ke7 54. Kf1 Kf6 55. Kf2 Rb8 56. Ke2 Rb7 57. Kd2 Ke7 58. Ke2 Kd7 59. Kf1 1/2-1/2

[Event "CHN-ch sf"]
[Site "Hefei"]
[Date "2023.04.25"]
[Round "6"]
[White "Zhang, Edmond Meng"]
[Black "He, Ping"]
[Result "1-0"]
[WhiteElo "1229"]
[BlackElo "1803"]
[PlyCount "137"]
[EventDate "2023.04.23"]
[EventType "swiss"]
[EventRounds "11"]
[EventCountry "CHN"]
[SourceTitle "CBM 214 Extra"]
[Source "ChessBase"]
[SourceDate "2023.07.31"]
[SourceVersion "1"]
[SourceVersionDate "2023.07.31"]
[SourceQuality "1"]

1. e4 e6 2. d4 d5 3. Nd2 b6 4. e5 Ba6 5. Bxa6 Nxa6 6. c3 Qd7 7. Ne2 Ne7 8. f4 h5 9. Nf3 h4 10. Qd3 Nb8 11. Be3 Nf5 12. Bf2 Nc6 13. 0-0 Be7 14. g4 hxg3 15. hxg3 0-0-0 16. Kg2 Rdg8 17. Rh1 Kb7 18. Rxh8 Rxh8 19. g4 Nh6 20. Rh1 Qe8 21. g5 Nf5 22. Qb1 Na5 23. b3 c5 24. Ng3 Nxg3 25. Kxg3 c4 26. b4 Nc6 27. Rh7 g6 28. Rh6 Bd8 29. Qh1 Rg8 30. Rh7 Ne7 31. b5 Nf5+ 32. Kg2 Ng7 33. a4 Nh5 34. Be3 Rh8 35. Rxh8 Qxh8 36. Nh2 Qf8 37. Qa1 Ng7 38. Ng4 Nf5 39. Bf2 a6 40. Qh1 Qg7 41. bxa6+ Kxa6 42. Qb1 Qf8 43. Qb5+ Kb7 44. Qd7+ Bc7 45. Nh6 Qe7 46. Qxe7 Nxe7 47. Be3 Ka6 48. Bc1 Ka5 49. Ba3 Nc6 50. Nxf7 Kxa4 51. Bd6 Bxd6 52. exd6 Kb3 53. Ne5 Nd8 54. Nxg6 Kxc3 55. Ne5 Kxd4 56. Nf3+ Ke3 57. g6 c3 58. Ne1 Kd2 59. Kf1 d4 60. g7 d3 61. g8Q c2 62. Qg2+ Kc3 63. Nxd3 Kxd3 64. Qe2+ Kc3 65. Qe3+ Kb2 66. Qxb6+ Ka2 67. Qa5+ Kb3 68. Qa1 Nc6 69. d7 1-0

[Event "CHN-ch sf"]
[Site "Hefei"]
[Date "2023.04.24"]
[Round "3"]
[White "Chen, Zhi"]
[Black "Zhang, Edmond Meng"]
[Result "1-0"]
[WhiteElo "1980"]
[BlackElo "1229"]
[PlyCount "57"]
[EventDate "2023.04.23"]
[EventType "swiss"]
[EventRounds "11"]
[EventCountry "CHN"]
[SourceTitle "CBM 214 Extra"]
[Source "ChessBase"]
[SourceDate "2023.07.31"]
[SourceVersion "1"]
[SourceVersionDate "2023.07.31"]
[SourceQuality "1"]

1. e4 c5 2. c3 d5 3. exd5 Qxd5 4. d4 Nf6 5. Nf3 Bg4 6. Be2 e6 7. 0-0 Nbd7 8. Be3 Be7 9. c4 Qc6 10. Nc3 cxd4 11. Nxd4 Bxe2 12. Qxe2 Qc7 13. Rfd1 a6 14. b4 0-0 15. c5 Rfe8 16. Rac1 h5 17. h3 g6 18. Nb3 Rad8 19. b5 Nb8 20. Rxd8 Rxd8 21. c6 bxc6 22. bxa6 c5 23. Nxc5 Bxc5 24. Na4 Qa5 25. Nxc5 Rc8 26. Qb2 Ne8 27. Nb7 Rxc1+ 28. Qxc1 Qa4 29. a7 1-0

[Event "CHN-chT Div-B"]
[Site "Hainan"]
[Date "2023.02.10"]
[Round "7"]
[White "Zhang, Edmond Meng"]
[Black "Yu, Kaifeng"]
[Result "0-1"]
[WhiteElo "1189"]
[BlackElo "2344"]
[PlyCount "78"]
[EventDate "2023.02.06"]
[EventType "team-tourn"]
[EventRounds "9"]
[EventCountry "CHN"]
[SourceTitle "CBM 213 Extra"]
[Source "ChessBase"]
[SourceDate "2023.05.31"]
[SourceVersion "1"]
[SourceVersionDate "2023.05.31"]
[SourceQuality "1"]
[WhiteTeam "Shanghai Haiwan"]
[BlackTeam "Shenzhen Yinsheng CA"]
[WhiteTeamCountry "CHN"]
[BlackTeamCountry "CHN"]

1. e4 c5 2. Nf3 d6 3. d4 cxd4 4. Nxd4 Nf6 5. Nc3 a6 6. h3 e5 7. Nb3 b6 8. g4 Bb7 9. Bg2 h6 10. f4 Be7 11. f5 b5 12. 0-0 b4 13. Nd5 Nxd5 14. exd5 Nd7 15. Be3 h5 16. Qd2 hxg4 17. hxg4 Nf6 18. Qxb4 Bxd5 19. Bg5 Bxg2 20. Kxg2 Qd7 21. Bxf6 Qc6+ 22. Rf3 Qxc2+ 23. Nd2 gxf6 24. Rf2 Qc6+ 25. Nf3 Rc8 26. b3 Rg8 27. Kh3 d5 28. Qa5 e4 29. Nd4 Qc3+ 30. Qxc3 Rxc3+ 31. Kg2 Rxg4+ 32. Kf1 Rd3 33. Nc2 Bc5 34. Rh2 Rf3+ 35. Ke2 d4 36. b4 d3+ 37. Kd2 Bd6 38. Rh8+ Kd7 39. Nd4 Bxb4+ 0-1

[Event "CHN-chT Div-B"]
[Site "Hainan"]
[Date "2023.02.08"]
[Round "4"]
[White "Li, Hao"]
[Black "Zhang, Edmond Meng"]
[Result "0-1"]
[WhiteElo "1649"]
[BlackElo "1189"]
[PlyCount "76"]
[EventDate "2023.02.06"]
[EventType "team-tourn"]
[EventRounds "9"]
[EventCountry "CHN"]
[SourceTitle "CBM 213 Extra"]
[Source "ChessBase"]
[SourceDate "2023.05.31"]
[SourceVersion "1"]
[SourceVersionDate "2023.05.31"]
[SourceQuality "1"]
[WhiteTeam "Ningbo Huangli School"]
[BlackTeam "Shanghai Haiwan"]
[WhiteTeamCountry "CHN"]
[BlackTeamCountry "CHN"]

1. e4 c5 2. Nf3 d6 3. d4 cxd4 4. Nxd4 Nf6 5. Nc3 Nc6 6. Nf3 g6 7. h3 Bg7 8. Bc4 0-0 9. Bb3 Na5 10. 0-0 Nxb3 11. axb3 Bd7 12. Re1 Bc6 13. Nd4 Nd7 14. Nxc6 bxc6 15. Be3 Qc7 16. Qd2 f5 17. Bh6 e5 18. Bxg7 Kxg7 19. Rad1 Rf6 20. exf5 gxf5 21. Qg5+ Kh8 22. Kh1 Rg8 23. Qh4 d5 24. Rd3 f4 25. g4 Rgg6 26. g5 Rf5 27. Rg1 e4 28. Rd2 Ne5 29. Rdd1 Nf3 30. Qh5 Nxg1 31. Rxg1 Qe5 32. h4 d4 33. Ne2 d3 34. cxd3 exd3 35. Nc3 f3 36. Qg4 Rf4 37. Qc8+ Rg8 38. Qh3 Qd4 0-1